Cities Beginning With T on a Map - Statistics

General Stats
  • This quiz has been taken 71,307 times
    37,774 since last reset
  • The average score is 16 of 23
Answers on the Map
Answers color-coded by a green-red scale on the quiz's map according to % correct below.
 
Answer Stats
City % Correct
Tokyo
97%
Toronto
94%
Tehran
90%
Tunis
90%
Taipei
88%
Tallinn
83%
Turin
82%
Tel Aviv
81%
Tampa
79%
Tirana
78%
Tripoli
78%
Tbilisi
75%
Tijuana
72%
Tashkent
70%
Thessaloniki
64%
Tegucigalpa
61%
Thimphu
61%
Timbuktu
56%
Tianjin
53%
Tucson
53%
Tangier
43%
Taiyuan
15%
Teresina
13%
No matching quizzes found
Score Distribution
Percent of People with Each Score
Percentile by Number Answered
Your Score History
You have not taken this quiz since the last reset